00783nam a2200193Ia 4500003000900000008004100009020001800050040001600068080001800084245011600102260004700218300001500265490004300280650007900323700002500402942000700427999001700434952013800451IN-BaIIA211028s9999 xx 000 0 eng d a90-5699-016-0 cIIA Library a524(063)bKAT 0aPhysics of accretion disksbadvection, radiation and magnetic fieldscedited by S. Kato  aAustraliabGordon and Breach Sciencec1996 axiv, 332p. aAdvances in Astronomy and Astrophysics aAccretion disks, Advection dominated disks, Self gravitating disks.921290 aKato, S., ed.921291 cBK c12192d12192 00104070aBANbBANcGENd1997-08-27g3240.00l0o524(063)/ KATp13108r2021-11-05v3240.00w1997-08-27yBKGRs. 3240.00